000 00332nam a22001337a 4500
041 _aENG
100 _aGokhale .M.Y
245 _aEngineering Mathematics 3
260 _aPune
_bNirali Prakashan
_c2004
300 _aP-4
650 _aCompetitlve Exam
700 _aMujumdar .N.S , Kulkarni .S.S
856 _uCompetitlve Exam ( 36 )
999 _c912
_d912